000 00427nam a2200169 a 4500
001 0000-8599
003 ELIB.Books
008 110520 1961
035 _a(ELIB.Books)0000-8745
082 _aB
_bGal
100 _aGallen, A.A.
245 _aThe Wetback
260 _bBoston: Bruce Humphries Publishers
_c1961
650 _aBiography
942 _2ddc
_cBK
998 _cbat
_e2011-05-20
_mcat
_u2019-07-03
999 _c8599
_d8599